000 00300nam a22001337a 4500
008 171101b xxu||||| |||| 00| 0 eng d
020 _a9780077381929
041 _aeng
080 _a339.9
100 _a59
101 _aGLO
245 _aTAKING SIDES GLOBAL ISSUESS
_cHART.J.E
942 _2udc
_cBK
999 _c37118
_d37118